Predictive geology : with emphasis on nuclear-waste disposal : proceedings of papers presented at sessions /

Bibliographic Details
Corporate Authors: International Association for Mathematical Geology, International Geological Congress
Other Authors: Marsily, Ghislain de, Merriam, Daniel Francis
Format: Conference Proceeding Book
Language:English
Published: Oxford [Oxfordshire] ; New York : Pergamon Press, 1982.
Edition:1st ed.
Series:Computers & geology ; v. 4.
Subjects:

MARC

Tag First Indicator Second Indicator Subfields
LEADER 00000cam a22000008a 4500
001 in00000074084
005 20151008060154.0
008 811005s1982 enkab b 10100 eng
010 |a  81017803  
020 |a 0080262465 :  |c 17.50 ($35.00 U.S.) 
035 |a (OCoLC)07925655 
035 |9 AAJ5246AM 
039 0 |a 2  |b 3  |c 3  |d 3  |e 3 
040 |a DLC  |c DLC  |d TXA  |d UtOrBLW 
049 |a TXAM  |c [952119] 
050 0 0 |a QE500  |b .P73 1982 
245 0 0 |a Predictive geology :  |b with emphasis on nuclear-waste disposal : proceedings of papers presented at sessions /  |c sponsored by the International Association for Mathematical Geology at the 26th International Geological Congress in Paris, July 1980 ; edited by Ghislain de Marsily and Daniel F. Merriam. 
250 |a 1st ed. 
263 |a 8112 
264 1 |a Oxford [Oxfordshire] ;  |a New York :  |b Pergamon Press,  |c 1982. 
300 |a xv, 206 pages :  |b illustrations, maps ;  |c 24 cm. 
336 |a text  |b txt  |2 rdacontent 
337 |a unmediated  |b n  |2 rdamedia 
338 |a volume  |b nc  |2 rdacarrier 
490 1 |a Computers & geology ;  |v v. 4 
504 |a Includes bibliographies and index. 
650 0 |a Geodynamics  |x Mathematical models  |x Congresses. 
650 0 |a Radioactive waste disposal in the ground  |x Mathematical models  |x Congresses. 
700 1 |a Marsily, Ghislain de. 
700 1 |a Merriam, Daniel Francis. 
710 2 |a International Association for Mathematical Geology. 
711 2 |a International Geological Congress  |n (26th :  |d 1980 :  |c Paris) 
830 0 |a Computers & geology ;  |v v. 4. 
999 |a MARS 
999 f f |s 3d9fbd20-b310-3b1b-88df-74607bce4b2b  |i 101c4dad-0fbe-3ef8-8018-499ce120db4e  |t 0 
952 f f |p ric  |a Texas A&M University  |b Rellis Campus  |c Joint Library Facility  |d Remote Storage  |t 0  |e QE500 .P73 1982  |h Library of Congress classification  |i unmediated -- volume  |m A14806214816 
998 f f |a QE500 .P73 1982  |t 0  |l Remote Storage